[Event "C.to Provinciale BG"]
[Site "Bergamo ITA"]
[Date "2003.10.10"]
[Round "1"]
[White "Biava, Pierluigi"]
[Black "Bassis, Ivano"]
[Result "1/2-1/2"]
[WhiteElo "1579"]
[BlackElo "1747"]
[PlyCount "51"]
[EventDate "2003.10.10"]

1. e4 d5 2. exd5 Qxd5 3. Nc3 Qd6 4. a3 Nf6 5. h3 e5 6. Bb5+ Bd7 7. Qe2 Be7 8.
Nf3 a6 9. Bc4 Nc6 10. O-O O-O 11. Re1 e4 12. Nxe4 Nxe4 13. Qxe4 Bf6 14. Qd5
Qxd5 15. Bxd5 Rfe8 16. c3 Ne5 17. Nxe5 Bxe5 18. d4 Bd6 19. Be3 c6 20. Bc4 Be6
21. Bxe6 Rxe6 22. Re2 Rae8 23. Rae1 f5 24. Kf1 Kf7 25. Bd2 b5 26. Rxe6 1/2-1/2

[Event "C.to Provinciale BG"]
[Site "Bergamo ITA"]
[Date "2003.10.10"]
[Round "1"]
[White "Cambieri, Mario"]
[Black "Longo, Pietro"]
[Result "0-1"]
[WhiteElo "1774"]
[BlackElo "1588"]
[PlyCount "56"]
[EventDate "2003.10.10"]

1. c4 e5 2. Nc3 f5 3. e4 Nf6 4. d3 d6 5. Nf3 Be7 6. Be2 O-O 7. O-O c6 8. Qc2
Na6 9. a3 fxe4 10. dxe4 Qe8 11. b4 Nc7 12. Bb2 Qg6 13. Nh4 Qf7 14. Nf3 Qg6 15.
Nh4 Qf7 16. g3 Nh5 17. Ng2 Bh3 18. Bxh5 Qxh5 19. Qe2 Rf3 20. Ne1 Bxf1 21. Kxf1
Qh3+ 22. Kg1 Rf7 23. Ng2 Raf8 24. Rf1 Ne6 25. Nd1 Rf3 26. Nde3 g6 27. Nf5 gxf5
28. Qxf3 fxe4 0-1

[Event "C.to Provinciale BG"]
[Site "Bergamo ITA"]
[Date "2003.10.10"]
[Round "1"]
[White "Di Mauro, Valerio"]
[Black "Scarpellini, Felice"]
[Result "0-1"]
[WhiteElo "1494"]
[BlackElo "1648"]
[PlyCount "92"]
[EventDate "2003.10.10"]

1. e4 d6 2. d4 g6 3. Bd3 Bg7 4. Ne2 e5 5. dxe5 dxe5 6. Be3 Nf6 7. O-O O-O 8.
Nd2 Nbd7 9. h3 b6 10. c3 c5 11. f4 Bb7 12. f5 c4 13. Bc2 Qc7 14. fxg6 hxg6 15.
Qe1 Nc5 16. Bxc5 Qxc5+ 17. Qf2 Rac8 18. Ng3 b5 19. Qxc5 Rxc5 20. Rac1 Rc7 21.
a4 a6 22. axb5 axb5 23. b3 Rd8 24. Nf3 cxb3 25. Bxb3 Nxe4 26. Nxe4 Bxe4 27. Ng5
Bd5 28. Rcd1 Rcd7 29. Bxd5 Rxd5 30. Rxd5 Rxd5 31. Rc1 Bh6 32. Ne4 Kg7 33. Rb1
f5 34. Nf2 Be3 35. Kf1 Bxf2 36. Kxf2 Rc5 37. Ke2 Rxc3 38. Rxb5 e4 39. Re5 Rc2+
40. Kf1 Kf6 41. Re8 Kg5 42. g3 Rh2 43. h4+ Kg4 44. Rg8 Kxg3 45. Rxg6+ Kf3 46.
Ra6 Rh1# 0-1

[Event "C.to Provinciale BG"]
[Site "Bergamo ITA"]
[Date "2003.10.10"]
[Round "1"]
[White "Elsido, Massimo"]
[Black "Canova, Luca"]
[Result "0-1"]
[WhiteElo "1588"]
[BlackElo "1821"]
[PlyCount "74"]
[EventDate "2003.10.10"]

1. e4 e5 2. Nf3 Nc6 3. Bb5 a6 4. Ba4 Nf6 5. O-O Be7 6. Re1 b5 7. Bb3 d6 8. c3
O-O 9. h3 Na5 10. Bc2 c5 11. d4 cxd4 12. cxd4 Qc7 13. Nbd2 Bb7 14. Nf1 Rac8 15.
Bd3 Nc6 16. Be3 Nb4 17. Rc1 Qb8 18. d5 Rxc1 19. Bxc1 Nxd3 20. Qxd3 Rc8 21. Ne3
Nd7 22. Nf5 Bf8 23. Bg5 f6 24. Be3 Nc5 25. Bxc5 Rxc5 26. Nh2 Bc8 27. g4 g6 28.
Ne3 Qc7 29. Kg2 Bd7 30. Re2 b4 31. Rc2 Bb5 32. Qd1 Bh6 33. Nhf1 Bxf1+ 34. Qxf1
Rxc2 35. Nxc2 Qxc2 36. Qxa6 Qxe4+ 37. Kf1 Qxd5 0-1

[Event "C.to Provinciale BG"]
[Site "Bergamo ITA"]
[Date "2003.10.10"]
[Round "1"]
[White "Fiorona, Gianpietro"]
[Black "Cattaneo, Dario"]
[Result "1-0"]
[WhiteElo "1621"]
[BlackElo "1393"]
[PlyCount "61"]
[EventDate "2003.10.10"]

1. d4 e6 2. e4 d5 3. Nc3 dxe4 4. Nxe4 Qd5 5. Bd3 Qxd4 6. Bb5+ Bd7 7. Qxd4 Bxb5
8. Nc3 c5 9. Qe3 Bc6 10. Nf3 Nf6 11. O-O Bd6 12. h3 Nbd7 13. Rd1 Bc7 14. a4 O-O
15. Qe2 e5 16. Be3 Rfe8 17. Nb5 Bxf3 18. Qxf3 e4 19. Qe2 Be5 20. c3 Re6 21. Na3
Rc8 22. Nc4 Bb8 23. Rd2 Rce8 24. Rad1 Ne5 25. Nxe5 Rxe5 26. Rd8 b6 27. Qc2 Bc7
28. Rxe8+ Rxe8 29. b4 a5 30. bxc5 bxc5 31. Bxc5 1-0

[Event "C.to Provinciale BG"]
[Site "Bergamo ITA"]
[Date "2003.10.10"]
[Round "1"]
[White "Gualdi, Paolo"]
[Black "Mansueti, Marco"]
[Result "0-1"]
[WhiteElo "1413"]
[BlackElo "1633"]
[PlyCount "48"]
[EventDate "2003.10.10"]

1. e4 d6 2. d4 Nf6 3. Nc3 c6 4. Bg5 Nbd7 5. Nf3 e5 6. Bc4 Be7 7. dxe5 dxe5 8.
O-O b5 9. Bxf6 Bxf6 10. Bb3 O-O 11. Qd6 Qb6 12. Qd2 Rd8 13. Ng5 Bxg5 14. Qxg5
Re8 15. Rfe1 Nc5 16. Re3 Nxb3 17. Rg3 g6 18. axb3 Qd8 19. Qh6 b4 20. Nd1 Qd4
21. Qh4 Bf5 22. Re3 Rad8 23. g4 Bxe4 24. Qh3 Qxd1+ 0-1

[Event "C.to Provinciale BG"]
[Site "Bergamo ITA"]
[Date "2003.10.10"]
[Round "1"]
[White "Mazzotti, Federico"]
[Black "Begni, Carlo"]
[Result "1-0"]
[WhiteElo "1635"]
[BlackElo "1461"]
[PlyCount "87"]
[EventDate "2003.10.10"]

1. e4 c5 2. Nf3 Nc6 3. d4 cxd4 4. Nxd4 a6 5. c4 e6 6. Be3 Be7 7. Bd3 Bf6 8. Bc2
Nge7 9. f4 Bxd4 10. Bxd4 Nxd4 11. Qxd4 O-O 12. e5 Nc6 13. Qd3 g6 14. a3 b5 15.
Nd2 Qb6 16. c5 Qxc5 17. Ne4 Qd4 18. Nf6+ Kg7 19. Qh3 Rh8 20. Be4 Ra7 21. Qh4
Qe3+ 22. Kf1 Nd4 23. Re1 Qd2 24. Qg5 Kf8 25. Ng4 Nf5 26. Bxf5 exf5 27. Qd8+ Kg7
28. Qf6+ Kf8 29. Qxh8+ Ke7 30. Qxc8 Qxf4+ 31. Nf2 Qd4 32. Qc3 Qb6 33. h4 h5 34.
Rh3 a5 35. Nd3 Rc7 36. Qd2 Rc4 37. Nf4 Ke8 38. Nd5 Qc6 39. Nf6+ Kd8 40. Qxa5+
Ke7 41. Qb4+ Rxb4 42. axb4 Qc4+ 43. Kg1 Qxb4 44. Nd5+ 1-0

[Event "C.to Provinciale BG"]
[Site "Bergamo ITA"]
[Date "2003.10.10"]
[Round "1"]
[White "Mora, Paolo"]
[Black "Citerio, Fabio"]
[Result "1-0"]
[WhiteElo "2014"]
[BlackElo "1599"]
[PlyCount "41"]
[EventDate "2003.10.10"]

1. e4 c5 2. Nc3 Nc6 3. g3 g6 4. d3 Bg7 5. Be3 d6 6. Bg2 Nf6 7. h3 Nd4 8. Nge2
e5 9. O-O O-O 10. Kh2 Ne6 11. f4 exf4 12. gxf4 Nh5 13. Bf3 Nexf4 14. Nxf4 Be5
15. Bg4 Qg5 16. Ncd5 Kh8 17. Kh1 Nxf4 18. Bxf4 Bxf4 19. Rxf4 f5 20. exf5 Be6
21. fxe6 1-0

[Event "C.to Provinciale BG"]
[Site "Bergamo ITA"]
[Date "2003.10.10"]
[Round "1"]
[White "Omacini, Mario"]
[Black "Asperti, Fabio"]
[Result "0-1"]
[WhiteElo "1374"]
[BlackElo "1606"]
[PlyCount "54"]
[EventDate "2003.10.10"]

1. d4 g6 2. e4 d6 3. Nc3 Bg7 4. Be3 Nf6 5. Qd2 c6 6. Bc4 b5 7. Bb3 Bb7 8. f3
Nbd7 9. Nh3 a5 10. a4 b4 11. Ne2 Nb6 12. Ng5 e6 13. O-O Ba6 14. f4 h6 15. e5
Ng4 16. Ne4 dxe5 17. fxe5 Nxe5 18. Nc5 Nec4 19. Qe1 Nxe3 20. Nxa6 Rxa6 21. Rf3
Bxd4 22. Nxd4 Qxd4 23. Rxe3 Nd5 24. Rd1 Qxe3+ 25. Qxe3 Nxe3 26. Rd6 Ke7 27. Rd3
Nd5 0-1

[Event "C.to Provinciale BG"]
[Site "Bergamo ITA"]
[Date "2003.10.10"]
[Round "1"]
[White "Riggio, Mauro"]
[Black "Testa, Luigi"]
[Result "1-0"]
[WhiteElo "1714"]
[BlackElo "1512"]
[PlyCount "209"]
[EventDate "2003.10.10"]

1. e4 e5 2. Nf3 Nf6 3. d4 Be7 4. Nxe5 Nxe4 5. Nxf7 Kxf7 6. Qh5+ g6 7. Qd5+ Kg7
8. Qxe4 d5 9. Qe3 Re8 10. Qh6+ Kg8 11. Be2 Bf8 12. Qg5 Be7 13. Qd2 Nc6 14. O-O
Bf5 15. c3 Bf6 16. Bd3 Qd7 17. Na3 Ne7 18. Nc2 c6 19. Ne3 Be6 20. Qc2 Rf8 21.
Bd2 Rf7 22. Rae1 Raf8 23. Re2 Kg7 24. Rfe1 Bg5 25. Nd1 Bxd2 26. Qxd2 Bf5 27.
Bxf5 Nxf5 28. Ne3 Ne7 29. Ng4 Qxg4 30. Rxe7 h5 31. h3 Qh4 32. Qe3 Kg8 33. Rxf7
Rxf7 34. Qe8+ Kg7 35. Re2 a6 36. Qe6 Qf4 37. Qe5+ Qf6 38. Qxf6+ Kxf6 39. Re5
Rd7 40. f4 b6 41. b4 a5 42. a3 axb4 43. axb4 b5 44. g4 hxg4 45. hxg4 Ra7 46.
g5+ Kf7 47. Kf2 Ra3 48. Re3 Ra2+ 49. Kf3 Rh2 50. Kg3 Rh1 51. Rf3 Re1 52. f5
gxf5 53. Rxf5+ Kg7 54. Re5 Rg1+ 55. Kf2 Rc1 56. Re7+ Kf8 57. Re3 Kf7 58. Kf3
Rf1+ 59. Kg4 Rg1+ 60. Kf5 Rf1+ 61. Ke5 Ke7 62. g6 Rf2 63. Rg3 Re2+ 64. Kf5 Rf2+
65. Kg5 Kf8 66. Rh3 Rg2+ 67. Kf6 Rf2+ 68. Ke6 Kg7 69. Rg3 Rf6+ 70. Kd7 Kg8 71.
Ke7 Kg7 72. Kd7 Kf8 73. g7+ Kg8 74. Re3 Kxg7 75. Re7+ Kf8 76. Re6 Rf7+ 77. Kxc6
Rf3 78. Kxb5 Rxc3 79. Re5 Kf7 80. Rxd5 Ke6 81. Rh5 Kd6 82. Rc5 Rd3 83. d5 Rd4
84. Ka5 Rh4 85. Rb5 Rc4 86. Ka4 Rc1 87. Kb3 Rc7 88. Ra5 Rc8 89. Ra2 Kxd5 90.
Rd2+ Ke5 91. b5 Ke6 92. Kb4 Rc1 93. Rd4 Rb1+ 94. Ka5 Ra1+ 95. Ra4 Rb1 96. Ka6
Kd5 97. Ra5 Kc5 98. Ra2 Rh1 99. Rc2+ Kb4 100. b6 Ra1+ 101. Kb7 Ra5 102. Kc7 Kb5
103. b7 Ra7 104. Kc8 Rxb7 105. Kxb7 1-0

[Event "C.to Provinciale BG"]
[Site "Bergamo ITA"]
[Date "2003.10.10"]
[Round "1"]
[White "Riva, Carlo"]
[Black "Elitropi, Giorgio"]
[Result "0-1"]
[WhiteElo "1519"]
[BlackElo "1716"]
[PlyCount "82"]
[EventDate "2003.10.10"]

1. e4 e6 2. d4 d5 3. exd5 exd5 4. Bd3 Nc6 5. c3 Bd6 6. Qf3 Nge7 7. Bf4 Be6 8.
Ne2 h6 9. Bxd6 Qxd6 10. Qg3 Qxg3 11. Nxg3 O-O-O 12. Nd2 g5 13. Ne2 Bf5 14.
Bxf5+ Nxf5 15. O-O-O Rhe8 16. Rhe1 Nd6 17. Ng3 Nb8 18. Rxe8 Rxe8 19. Rf1 Nd7
20. Kd1 Nf6 21. Re1 Ng4 22. Rxe8+ Nxe8 23. f3 Ne3+ 24. Ke2 Nxg2 25. Nf5 Nf4+
26. Ke3 h5 27. h4 f6 28. Nf1 Kd7 29. N1g3 Ke6 30. hxg5 fxg5 31. Nh6 Nd6 32. b3
c6 33. Ne2 Nxe2 34. Kxe2 Nf5 35. Nxf5 Kxf5 36. c4 Kf4 37. Kf2 a6 38. c5 g4 39.
fxg4 hxg4 40. b4 Ke4 41. a4 Kxd4 0-1

[Event "C.to Provinciale BG"]
[Site "Bergamo ITA"]
[Date "2003.10.10"]
[Round "1"]
[White "Romano, Zeno"]
[Black "Mora, Lorenzo"]
[Result "0-1"]
[WhiteElo "1506"]
[BlackElo "1705"]
[PlyCount "72"]
[EventDate "2003.10.10"]

1. e4 e5 2. Nf3 Nc6 3. Bc4 Bc5 4. c3 Nf6 5. d4 exd4 6. cxd4 Bb4+ 7. Bd2 Bxd2+
8. Nbxd2 d5 9. exd5 Nxd5 10. O-O O-O 11. Nb3 Bg4 12. Re1 Qd7 13. Nc5 Qf5 14.
Nh4 Qg5 15. Nf3 Bh5 16. Be2 b6 17. Ne4 Qg6 18. Ne5 Bxe2 19. Nxg6 Bxd1 20. Nxf8
Bg4 21. f3 Bc8 22. Nxh7 Kxh7 23. Ng5+ Kg6 24. Ne4 Nxd4 25. Red1 c5 26. Kf2 Bf5
27. Nc3 Nb4 28. g4 Bc2 29. Rd2 Rh8 30. Kg3 f5 31. Rc1 f4+ 32. Kg2 Rxh2+ 33.
Kxh2 Nxf3+ 34. Kg2 Nxd2 35. a3 f3+ 36. Kg1 Nd3 0-1

[Event "C.to Provinciale BG"]
[Site "Bergamo ITA"]
[Date "2003.10.10"]
[Round "1"]
[White "Salvi, Gianpietro"]
[Black "Del Monte, Jorge Luis"]
[Result "0-1"]
[WhiteElo "1600"]
[BlackElo "2046"]
[PlyCount "90"]
[EventDate "2003.10.10"]

1. Nf3 c5 2. c4 Nc6 3. e3 Nf6 4. Nc3 e6 5. d4 cxd4 6. exd4 d5 7. a3 Be7 8. Bd3
dxc4 9. Bxc4 O-O 10. O-O b6 11. Bg5 Bb7 12. b4 Rc8 13. Rc1 Nxd4 14. Be2 Nxf3+
15. Bxf3 Qxd1 16. Bxd1 h6 17. Be3 Nd5 18. Nxd5 Bxd5 19. Be2 Bb7 20. Rfd1 Rxc1
21. Rxc1 Rc8 22. f3 Bd6 23. Rxc8+ Bxc8 24. g3 e5 25. Bc4 Kf8 26. Kf2 Ke7 27.
Bd2 Be6 28. Bxe6 Kxe6 29. Ke3 Kd5 30. Kd3 f5 31. Bc3 Be7 32. a4 Bf6 33. Be1 e4+
34. fxe4+ fxe4+ 35. Ke2 Bd4 36. Kd2 Kc4 37. Kc2 g6 38. b5 h5 39. h3 Bc5 40. g4
Kd4 41. gxh5 gxh5 42. a5 Kc4 43. axb6 axb6 44. Bh4 Bd4 45. Kd2 Kxb5 0-1

[Event "C.to Provinciale BG"]
[Site "Bergamo ITA"]
[Date "2003.10.10"]
[Round "1"]
[White "Stefanelli, Alfredo"]
[Black "Gerali, Paolo"]
[Result "1-0"]
[WhiteElo "1663"]
[BlackElo "1500"]
[PlyCount "71"]
[EventDate "2003.10.10"]

1. d4 Nf6 2. c4 g6 3. Nc3 Bg7 4. e4 d6 5. Be2 O-O 6. Be3 e5 7. d5 c6 8. Qd2
cxd5 9. cxd5 a6 10. f3 Nh5 11. O-O-O Qa5 12. g4 Nf4 13. Kb1 Ng2 14. Bh6 Bxh6
15. Qxh6 Nf4 16. h4 Qc7 17. Nh3 Nxh3 18. Rxh3 f6 19. Rg3 Qg7 20. Qe3 Nd7 21. g5
Nc5 22. gxf6 Rxf6 23. Rdg1 Bd7 24. h5 Be8 25. Bf1 Nd7 26. Bh3 Nf8 27. Nd1 Bd7
28. hxg6 Rxg6 29. Rxg6 hxg6 30. Nf2 Bxh3 31. Nxh3 Nh7 32. f4 exf4 33. Nxf4 g5
34. Ne6 Qe7 35. Nxg5 Kf8 36. Ne6+ 1-0

[Event "C.to Provinciale BG"]
[Site "Bergamo ITA"]
[Date "2003.10.10"]
[Round "1"]
[White "Villa, Claudio"]
[Black "Impellizzeri, Francesco"]
[Result "0-1"]
[WhiteElo "1728"]
[BlackElo "1570"]
[PlyCount "99"]
[EventDate "2003.10.10"]

1. b3 c5 2. Bb2 Nc6 3. Nf3 Nf6 4. c4 g6 5. Nc3 e6 6. e3 Bg7 7. d4 cxd4 8. Nxd4
O-O 9. a3 Nxd4 10. exd4 d5 11. c5 a6 12. Bd3 Nd7 13. Bc2 Qh4 14. Na4 b5 15.
cxb6 Rb8 16. O-O Nxb6 17. Nxb6 Rxb6 18. f4 a5 19. Qd2 a4 20. b4 Bd7 21. Rac1
Rc8 22. Bd3 Rbb8 23. Ba6 Rxc1 24. Rxc1 Qd8 25. Rc5 Bf8 26. Rc3 Qb6 27. Be2 Bb5
28. Bd1 Qa6 29. h4 h5 30. Rg3 Kh7 31. Bc2 Rc8 32. Rg5 Kh6 33. f5 exf5 34. Rxg6+
Kxg6 35. Qg5+ Kh7 36. Bxf5+ Kh8 37. Qxh5+ Kg7 38. Qg4+ Kh8 39. Bxc8 Qh6 40. Qg5
Qc6 41. Bf5 Bh6 42. Qh5 Kg7 43. Qd1 Be3+ 44. Kh1 Qh6 45. Qe1 Qf4 46. g3 Qf3+
47. Kh2 Be2 48. Qc3 Qf2+ 49. Kh3 Qf1+ 50. Kh2 0-1

[Event "C.to Provinciale BG"]
[Site "Bergamo ITA"]
[Date "2003.10.17"]
[Round "2"]
[White "Asperti, Fabio"]
[Black "Riggio, Mauro"]
[Result "1-0"]
[WhiteElo "1606"]
[BlackElo "1714"]
[PlyCount "79"]
[EventDate "2003.10.10"]

1. c4 e5 2. e4 Nf6 3. Nc3 c6 4. Nge2 d6 5. g3 g6 6. Bg2 Bg7 7. d3 O-O 8. Bg5 h6
9. Be3 a6 10. h3 b5 11. Qd2 Kh7 12. g4 d5 13. exd5 Bb7 14. g5 hxg5 15. Bxg5 Qd7
16. h4 Nh5 17. O-O-O f6 18. Be3 cxd5 19. Nxd5 Qd6 20. Kb1 Bxd5 21. Bxd5 Nc6 22.
Rhg1 f5 23. f4 Rfe8 24. Bf7 exf4 25. Bxg6+ Kh8 26. Nxf4 Rxe3 27. Qxe3 Nxf4 28.
Bxf5 Qf6 29. Rxg7 Kxg7 30. Qxf4 Ne7 31. Rg1+ Kh8 32. Qe4 Nxf5 33. Qxa8+ Kh7 34.
Qg8+ Kh6 35. h5 Nh4 36. Rg6+ Nxg6 37. Qxg6+ Qxg6 38. hxg6 bxc4 39. dxc4 Kxg6
40. Kc2 1-0

[Event "C.to Provinciale BG"]
[Site "Bergamo ITA"]
[Date "2003.10.17"]
[Round "2"]
[White "Bassis, Ivano"]
[Black "Gozzini, Giambattista"]
[Result "0-1"]
[WhiteElo "1747"]
[BlackElo "1600"]
[PlyCount "74"]
[EventDate "2003.10.10"]

1. e4 c6 2. d3 d6 3. Nf3 g6 4. g3 Bg7 5. Bg2 e5 6. O-O Nf6 7. a4 a5 8. Na3 O-O
9. Bd2 Bg4 10. Nc4 Qc7 11. Qe1 Bxf3 12. Bxf3 b6 13. b4 axb4 14. Bxb4 c5 15. Bd2
Nc6 16. c3 Na5 17. Nxa5 bxa5 18. Rb1 c4 19. d4 Nd7 20. Qe3 Rab8 21. Be2 Qc6 22.
Rxb8 Rxb8 23. Ra1 exd4 24. cxd4 Rb3 25. Bc3 Bh6 26. f4 Nb6 27. Bd1 Nxa4 28.
Bxb3 cxb3 29. Bxa5 Qb5 30. Qd2 Bg7 31. Bc3 Qc4 32. Rxa4 Qxa4 33. Qb2 Qc4 34.
Kf2 d5 35. e5 Bf8 36. Ke1 Ba3 37. Qd2 b2 0-1

[Event "C.to Provinciale BG"]
[Site "Bergamo ITA"]
[Date "2003.10.17"]
[Round "2"]
[White "Begni, Carlo"]
[Black "Elsido, Massimo"]
[Result "1-0"]
[WhiteElo "1461"]
[BlackElo "1588"]
[PlyCount "93"]
[EventDate "2003.10.10"]

1. e4 e5 2. Nf3 Nc6 3. b3 Nf6 4. d3 Bc5 5. h3 d6 6. Be2 O-O 7. O-O Re8 8. Be3
Bxe3 9. fxe3 h6 10. Nc3 Nh7 11. Nh2 Ng5 12. Bg4 Ne7 13. Bxc8 Rxc8 14. Nf3 Ng6
15. Nxg5 Qxg5 16. Qe2 Ne7 17. Rf2 c6 18. Raf1 f6 19. Rf3 d5 20. Qf2 Kh8 21. Rg3
Qh4 22. Kh2 b5 23. Qf3 b4 24. Ne2 dxe4 25. dxe4 Rcd8 26. Rg4 Qh5 27. Ng3 Qf7
28. Rf2 Rd6 29. Nh1 Red8 30. Re2 Rd1 31. Nf2 Ra1 32. Nd3 a5 33. Nxe5 Qe6 34.
Nd3 Rxa2 35. Nf4 Qe5 36. Rg3 Rd1 37. Nd3 Raa1 38. Nf2 Rg1 39. Qg4 g5 40. Qh5
Kg7 41. Rd2 Qc7 42. Qe8 Nd5 43. exd5 h5 44. dxc6 Kh6 45. Rd8 Rxg2+ 46. Kxg2
Qxc6+ 47. Rf3 1-0

[Event "C.to Provinciale BG"]
[Site "Bergamo ITA"]
[Date "2003.10.17"]
[Round "2"]
[White "Bertoletti, Vincenzo"]
[Black "Biava, Pierluigi"]
[Result "0-1"]
[WhiteElo "1338"]
[BlackElo "1579"]
[PlyCount "108"]
[EventDate "2003.10.10"]

1. d4 Nf6 2. c4 e6 3. Nc3 Bb4 4. Qc2 O-O 5. Bg5 h6 6. Bh4 d5 7. e3 Nbd7 8. a3
Be7 9. Bd3 dxc4 10. Bxc4 a6 11. Nge2 b5 12. Bd3 c5 13. b3 Bb7 14. O-O Rc8 15.
Rad1 cxd4 16. exd4 Nd5 17. Bxe7 Qxe7 18. Qb2 Qg5 19. Nxd5 Bxd5 20. Ng3 f5 21.
f3 Nf6 22. Kh1 Rc7 23. Rc1 Rfc8 24. Rxc7 Rxc7 25. a4 bxa4 26. bxa4 Rb7 27. Qc2
a5 28. Rb1 Rxb1+ 29. Qxb1 Qe3 30. Ne2 Nh5 31. Qd1 g5 32. Nc3 Nf4 33. Nxd5 Nxd5
34. Bf1 Kf7 35. h3 Qc3 36. Bb5 Ne3 37. Qd3 Qe1+ 38. Kh2 Qf2 39. Qe2 Qxe2 40.
Bxe2 Nc2 41. Bc4 Nxd4 42. Kg1 Ke7 43. Kf2 e5 44. Ke3 Kd6 45. Kd3 Kc5 46. Bf7
Kb4 47. g4 fxg4 48. hxg4 Kxa4 49. Ke4 Kb4 50. Bd5 a4 51. Kxe5 Nb3 52. Be4 Nd2
53. Bd5 a3 54. Kd4 Nb3+ 0-1

[Event "C.to Provinciale BG"]
[Site "Bergamo ITA"]
[Date "2003.10.17"]
[Round "2"]
[White "Cambieri, Mario"]
[Black "Salvi, Gianpietro"]
[Result "1-0"]
[WhiteElo "1774"]
[BlackElo "1600"]
[PlyCount "81"]
[EventDate "2003.10.10"]

1. c4 Nf6 2. Nc3 d5 3. cxd5 Nxd5 4. d4 e6 5. g3 Bb4 6. Bd2 O-O 7. Bg2 c6 8. Nf3
Nd7 9. O-O Re8 10. a3 Bd6 11. e4 Nxc3 12. Bxc3 e5 13. dxe5 Bc7 14. Qd3 Qe7 15.
Rad1 Nxe5 16. Nxe5 Bxe5 17. f4 Bc7 18. f5 Be5 19. Bxe5 Qxe5 20. Qd4 f6 21. Qb4
Kh8 22. Rd6 c5 23. Qd2 b6 24. Rd5 Qe7 25. Rd1 Rb8 26. Rd8 Bb7 27. Rxb8 Rxb8 28.
Qd7 Qxd7 29. Rxd7 a5 30. Kf2 a4 31. Ke3 Bc6 32. Rd6 Ba8 33. Bf1 h6 34. Bb5 Rc8
35. Bxa4 c4 36. Kd4 Rb8 37. Bb5 Kh7 38. Bxc4 b5 39. Bd5 Bxd5 40. Rxd5 b4 41. a4
1-0

[Event "C.to Provinciale BG"]
[Site "Bergamo ITA"]
[Date "2003.10.17"]
[Round "2"]
[White "Canova, Luca"]
[Black "Fiorona, Gianpietro"]
[Result "1-0"]
[WhiteElo "1821"]
[BlackElo "1621"]
[PlyCount "45"]
[EventDate "2003.10.10"]

1. e4 d5 2. exd5 Qxd5 3. Nc3 Qa5 4. d4 Nf6 5. Bc4 Bf5 6. Nf3 c6 7. Ne5 e6 8.
O-O Be7 9. Bd3 Bxd3 10. Qxd3 O-O 11. Bf4 Nbd7 12. Rfe1 Qd8 13. Rad1 Nd5 14.
Nxd5 cxd5 15. Re3 Nxe5 16. Bxe5 Bf6 17. Rh3 g6 18. Qg3 Rc8 19. c3 Kg7 20. Qf4
h5 21. Rxh5 gxh5 22. Qg5+ Kh7 23. Bxf6 1-0

[Event "C.to Provinciale BG"]
[Site "Bergamo ITA"]
[Date "2003.10.17"]
[Round "2"]
[White "Cattaneo, Dario"]
[Black "Riva, Carlo"]
[Result "1/2-1/2"]
[WhiteElo "1393"]
[BlackElo "1519"]
[PlyCount "103"]
[EventDate "2003.10.10"]

1. d4 d5 2. Nf3 c6 3. c3 Bf5 4. e3 Bxb1 5. Rxb1 e6 6. Be2 Nf6 7. O-O Bd6 8. a4
Nbd7 9. b4 Qc7 10. b5 c5 11. Ba3 c4 12. Bxd6 Qxd6 13. Qc2 Ne4 14. Nd2 Nxd2 15.
Qxd2 O-O 16. f4 f5 17. Kh1 Rf6 18. Rg1 Rh6 19. g4 fxg4 20. Bxg4 Rf8 21. Qg2 Rg6
22. Qf3 Rff6 23. Rg2 Rh6 24. Qg3 Rfg6 25. Rbg1 Nf6 26. Qf3 Nxg4 27. Rxg4 Rxg4
28. Rxg4 Qa3 29. Qg3 Qc1+ 30. Qg1 Qxg1+ 31. Kxg1 Rh3 32. Rg3 Rxg3+ 33. hxg3 h5
34. Kg2 Kf7 35. Kh3 Kf6 36. g4 g6 37. Kh4 hxg4 38. Kxg4 b6 39. Kg3 Kf5 40. Kf3
g5 41. fxg5 Kxg5 42. e4 Kf6 43. Kf4 dxe4 44. Kxe4 Ke7 45. d5 exd5+ 46. Kxd5 Kd7
47. Kxc4 Ke6 48. Kb4 Kd5 49. c4+ Kd4 50. a5 bxa5+ 51. Kxa5 Kxc4 52. Ka6 1/2-1/2

[Event "C.to Provinciale BG"]
[Site "Bergamo ITA"]
[Date "2003.10.17"]
[Round "2"]
[White "Citerio, Fabio"]
[Black "Gualdi, Paolo"]
[Result "1-0"]
[WhiteElo "1599"]
[BlackElo "1413"]
[PlyCount "30"]
[EventDate "2003.10.10"]

1. d4 e6 2. c4 f5 3. Nf3 Nf6 4. Nc3 Bb4 5. Bd2 O-O 6. e3 Nc6 7. Bd3 d5 8. Qb3
Bxc3 9. Bxc3 Ne4 10. cxd5 Qxd5 11. Bc4 Qd6 12. d5 Nc5 13. Qd1 Ne7 14. Qd4 Rf6
15. dxe6 Rh6 1-0

[Event "C.to Provinciale BG"]
[Site "Bergamo ITA"]
[Date "2003.10.17"]
[Round "2"]
[White "Del Monte, Jorge Luis"]
[Black "Mazzotti, Federico"]
[Result "1-0"]
[WhiteElo "2046"]
[BlackElo "1635"]
[PlyCount "59"]
[EventDate "2003.10.10"]

1. e4 c5 2. Nf3 Nc6 3. d4 cxd4 4. c3 d5 5. exd5 Qxd5 6. cxd4 Bg4 7. Be2 e6 8.
O-O Bb4 9. a3 Ba5 10. b4 Bb6 11. Nc3 Qd7 12. d5 exd5 13. b5 Bxf3 14. bxc6 Qxc6
15. Bxf3 Qxc3 16. Qe2+ Kf8 17. Bb2 Qc4 18. Qe5 d4 19. Qd6+ Ne7 20. Rac1 Qe6 21.
Qb4 Rc8 22. Bd5 Qd7 23. Bb3 Rxc1 24. Rxc1 Kg8 25. Re1 Nc6 26. Qb5 h5 27. Bc1 d3
28. Qg5 Qd4 29. Re8+ Kh7 30. Qxh5# 1-0

[Event "C.to Provinciale BG"]
[Site "Bergamo ITA"]
[Date "2003.10.17"]
[Round "2"]
[White "Elitropi, Giorgio"]
[Black "Stefanelli, Alfredo"]
[Result "1/2-1/2"]
[WhiteElo "1716"]
[BlackElo "1663"]
[PlyCount "41"]
[EventDate "2003.10.10"]

1. f4 d5 2. Nf3 Nf6 3. e3 e6 4. b3 Nbd7 5. Bb2 Be7 6. Be2 O-O 7. O-O c5 8. h3
Ne4 9. Qe1 a6 10. d3 Nd6 11. g4 b5 12. Nbd2 Bb7 13. Qf2 Rc8 14. Ne5 Bh4 15. Qh2
c4 16. bxc4 dxc4 17. Ndf3 Be7 18. dxc4 Nxe5 19. Nxe5 Nxc4 20. Nxc4 bxc4 21.
Rfd1 1/2-1/2

[Event "C.to Provinciale BG"]
[Site "Bergamo ITA"]
[Date "2003.10.17"]
[Round "2"]
[White "Gerali, Paolo"]
[Black "Di Mauro, Valerio"]
[Result "1/2-1/2"]
[WhiteElo "1500"]
[BlackElo "1494"]
[PlyCount "83"]
[EventDate "2003.10.10"]

1. d4 Nf6 2. c4 c5 3. d5 b5 4. cxb5 a6 5. bxa6 Bxa6 6. Nc3 g6 7. e4 Bxf1 8.
Kxf1 d6 9. g3 Bg7 10. Nf3 O-O 11. Kg2 Nbd7 12. Re1 Ng4 13. Qc2 Qb6 14. h3 Nge5
15. Nxe5 Nxe5 16. Re2 c4 17. Be3 Qb7 18. Bd4 Nd3 19. Bxg7 Kxg7 20. Nd1 f6 21.
Qxc4 Ne5 22. Qc2 Rfc8 23. Nc3 Ra5 24. a4 Nc4 25. Qb1 Qa6 26. b4 Rb8 27. Rea2
Rc5 28. Nb5 Rcc8 29. Nd4 Qb6 30. b5 Qxd4 31. a5 Nd2 32. Qd1 Qxe4+ 33. f3 Qxd5
34. Rxd2 Qxb5 35. a6 Ra8 36. a7 Rc7 37. Rda2 Qd7 38. Qd4 e5 39. Qd2 Rcxa7 40.
Rxa7 Rxa7 41. Rxa7 Qxa7 42. Qxd6 1/2-1/2

[Event "C.to Provinciale BG"]
[Site "Bergamo ITA"]
[Date "2003.10.17"]
[Round "2"]
[White "Mansueti, Marco"]
[Black "Impellizzeri, Francesco"]
[Result "0-1"]
[WhiteElo "1633"]
[BlackElo "1570"]
[PlyCount "106"]
[EventDate "2003.10.10"]

1. d4 d5 2. Bf4 Nf6 3. e3 Bf5 4. Bd3 Bg6 5. Bxg6 hxg6 6. h3 e6 7. Nf3 Bd6 8.
Bxd6 Qxd6 9. a3 Nbd7 10. Nbd2 c5 11. c4 O-O 12. cxd5 Nxd5 13. Nc4 Qa6 14. Rc1
Rac8 15. O-O cxd4 16. Qxd4 Nc5 17. Ncd2 Nd3 18. Rc4 Rxc4 19. Nxc4 Rc8 20. Qxd3
Qxc4 21. Rd1 Qc2 22. e4 Nf6 23. Ng5 Qxd3 24. Rxd3 Rc1+ 25. Kh2 Rc8 26. e5 Nd5
27. Rf3 Rc7 28. g4 b5 29. b4 Re7 30. Ne4 Rc7 31. Nc5 a5 32. Na6 Ra7 33. Nc5
axb4 34. axb4 Ra1 35. Rb3 g5 36. Ne4 f6 37. exf6 gxf6 38. Nd6 Nc7 39. Rc3 Rd1
40. Rxc7 Rxd6 41. Rc5 Rd5 42. Rxd5 exd5 43. Kg3 Kf7 44. Kf3 Ke6 45. Ke3 Ke5 46.
Kd3 d4 47. f3 Kd5 48. f4 gxf4 49. h4 f3 50. h5 Ke6 51. Kd2 Kf7 52. Ke1 d3 53.
Kf2 d2 0-1